000 00846cam a22002893a 4500
001 5228
003 PGUSA
005 20140828083115.0
008 060422s2006||||xxu|||||s|||||000 1 eng d
040 _aPGUSA
_beng
042 _adc
050 4 _aPR
100 1 _aHaggard, H. Rider
_q(Henry Rider),
_d1856-1925
245 1 0 _aAyesha, the Return of She
_h[electronic resource] /
_cH. Rider Haggard
260 _bProject Gutenberg,
_c2006
500 _aSequel to She
506 _aPublic domain in the USA.
516 _aElectronic text
653 _aFantasy fiction
653 _aAdventure stories
653 _aAyesha (Fictitious character : Haggard) -- Fiction
653 _aAsia -- Fiction
653 _aImmortalism -- Fiction
830 0 _aProject Gutenberg
_v5228
856 4 0 _uhttp://www.gutenberg.org/ebooks/5228
942 _cEB
999 _c234557
_d234557